| 000 | 00371nam a2200145 i 4500 | ||
|---|---|---|---|
| 001 | 82336 | ||
| 003 | ES-MaACL | ||
| 005 | 20230906174645.0 | ||
| 007 | t| | ||
| 008 | 041108s1909 sp ||||1| spa d | ||
| 100 | 1 |
_aInfantes, E. de los. _965266 |
|
| 245 | 1 | 0 |
_aAmor _b: novela / _cE. de los Infantes. |
| 260 |
_aToledo : _b[s.n.], _c1909. |
||
| 852 |
_aES-MaACL _jT-1207-F-3 |
||
| 999 |
_c82336 _d82336 |
||